| 000 | 00767nam a2200241 a 4500 | ||
|---|---|---|---|
| 001 | 000012207 | ||
| 005 | 20240412074230.0 | ||
| 008 | 091106s19uu dr a 000 p spa d | ||
| 040 |
_aDO-SdBNP _bspa _cBNPHU |
||
| 082 |
_aRD861.44 _bP744j |
||
| 245 | 0 | 0 |
_aPoemas de Juan Sánchez Lamouth / _cselección Mateo Morrisón. |
| 260 |
_aSanto Domingo : _bUASD, _c[19--]. |
||
| 300 |
_a23 p. : _bil. ; _c21 cm. |
||
| 490 | 1 | _aExtensión | |
| 490 | 1 |
_aCuadernillo de extensión ; _v1 |
|
| 650 | 0 |
_aPoesía dominicana _966 |
|
| 650 | 0 |
_aLiteratura dominicana. _967 |
|
| 700 | 1 | 2 |
_aMorrison, Mateo, _d1947- _91469 |
| 710 | 1 | 2 |
_aUniversidad Autónoma de Santo Domingo _972951 |
| 830 | 0 |
_aExtensión _925441 |
|
| 830 | 0 |
_aCuadernillo de extensión ; _n1 _928834 |
|
| 910 | _aBNPD | ||
| 999 |
_c11872 _d11872 |
||